000 00373pab a2200145 454500
008 180718b2006 xxu||||| |||| 00| 0 eng d
100 _aHettiarchchi, Wimal
245 _aIn defence of globalization (a review article)
260 _c2006
300 _ap.117-29.
362 _aJan-Jun
650 _aGlobalization
773 _aSouth Asia Economic Journal
909 _a70806
999 _c70806
_d70806